JR02-JR東日本の駅 - Statistics

General Stats
  • This quiz has been taken 2,880 times
    898 since last reset
  • The average score is 512 of 1797
Answer Stats
本線 % Correct
東京
93%
品川
89%
新宿
85%
横浜
84%
新橋
83%
高輪ゲートウェイ
83%
渋谷
82%
川崎
81%
有楽町
80%
浜松町
80%
鶴見
80%
熱海
80%
田端
80%
赤羽
80%
上野
80%
田町
79%
大崎
79%
神田
79%
大船
78%
目黒
78%
原宿
78%
代々木
78%
池袋
78%
大宮
78%
高田馬場
77%
小田原
76%
立川
76%
恵比寿
75%
目白
75%
八王子
75%
秋葉原
75%
日暮里
75%
蒲田
74%
新大久保
74%
巣鴨
74%
仙台
74%
東神奈川
73%
五反田
73%
西日暮里
73%
藤沢
72%
茅ヶ崎
72%
武蔵小杉
72%
大塚
72%
南浦和
72%
御徒町
72%
浦和
72%
宇都宮
72%
戸塚
71%
駒込
71%
高崎
71%
大井町
70%
大森
70%
平塚
70%
御茶ノ水
70%
郡山
70%
西船橋
69%
中野
69%
鶯谷
69%
小山
69%
盛岡
69%
湯河原
68%
伊東
68%
国分寺
68%
二宮
67%
西国分寺
67%
武蔵浦和
67%
三鷹
67%
高尾
67%
福島
67%
大磯
66%
国府津
66%
国立
66%
鎌倉
66%
四ツ谷
66%
甲府
66%
青梅
66%
八戸
66%
いわき
66%
横須賀
65%
那須塩原
65%
水戸
65%
保土ヶ谷
64%
真鶴
64%
府中本町
64%
新横浜
64%
荻窪
64%
武蔵小金井
64%
さいたま新都心
64%
新青森
64%
新子安
63%
桜木町
63%
根岸
63%
信濃町
63%
大月
63%
川口
63%
北浦和
63%
北上
63%
新潟
63%
東戸塚
62%
辻堂
62%
十条
62%
飯田橋
62%
大久保
62%
新白河
62%
北千住
62%
62%
新松戸
61%
水道橋
61%
西荻窪
61%
吉祥寺
61%
松本
61%
松戸
61%
海芝浦
60%
西浦和
60%
市ケ谷
60%
高円寺
60%
豊田
60%
熊谷
60%
根府川
59%
新川崎
59%
板橋
59%
浜川崎
59%
東浦和
59%
与野
59%
橋本
59%
逗子
59%
東中野
59%
阿佐ケ谷
59%
武蔵境
59%
日野
59%
西八王子
59%
奥多摩
59%
王子
59%
一ノ関
59%
我孫子
59%
川越
59%
石巻
59%
尻手
58%
千駄ケ谷
58%
拝島
58%
久喜
58%
黒磯
58%
南千住
58%
長野
58%
船橋
58%
鴨宮
57%
町田
57%
関内
57%
久里浜
57%
57%
尾久
57%
二戸
57%
早川
56%
西大井
56%
南越谷
56%
越谷レイクタウン
56%
北鎌倉
56%
東小金井
56%
塩尻
56%
武蔵五日市
56%
小金井
56%
越後湯沢
56%
前橋
56%
登戸
55%
国道
55%
相模原
55%
東十条
55%
取手
55%
土浦
55%
日立
55%
長岡
55%
日光
55%
山形
55%
千葉
55%
新秋津
54%
吉川
54%
相模湖
54%
小淵沢
54%
篠ノ井
54%
西川口
54%
白河
54%
青森
54%
海老名
53%
上諏訪
53%
高麗川
53%
蓮田
53%
白石
53%
花巻
53%
白石蔵王
53%
新花巻
53%
燕三条
53%
烏山
53%
武蔵溝ノ口
52%
北朝霞
52%
下諏訪
52%
西立川
52%
東大宮
52%
白岡
52%
七戸十和田
52%
気仙沼
52%
秋田
52%
武蔵中原
51%
大川
51%
東所沢
51%
東川口
51%
南流山
51%
磯子
51%
上野原
51%
上中里
51%
古河
51%
古川
51%
くりこま高原
51%
三河島
51%
本庄
51%
新前橋
51%
本庄早稲田
51%
市川
51%
成田
51%
新小平
50%
新座
50%
吉川美南
50%
三郷
50%
東松戸
50%
厚木
50%
岡谷
50%
倉賀野
50%
佐久平
50%
自治医大
50%
与野本町
50%
水沢江刺
50%
牛久
50%
勝田
50%
上尾
50%
鴻巣
50%
新三郷
49%
船橋法典
49%
石川町
49%
栗橋
49%
戸田公園
49%
戸田
49%
いわて沼宮内
49%
友部
49%
新庄
49%
分倍河原
48%
新芝浦
48%
北府中
48%
菊名
48%
八王子みなみ野
48%
港南台
48%
竜王
48%
韮崎
48%
新白岡
48%
名取
48%
綾瀬
48%
水上
48%
浦佐
48%
ガーラ湯沢
48%
武蔵新城
47%
新杉田
47%
洋光台
47%
山梨市
47%
土呂
47%
北赤羽
47%
中浦和
47%
亀有
47%
ひたち野うしく
47%
田沢湖
47%
大曲
47%
米沢
47%
軽井沢
47%
錦糸町
47%
馬橋
46%
長津田
46%
寒川
46%
勝沼ぶどう郷
46%
塩山
46%
石和温泉
46%
宝積寺
46%
岩沼
46%
金町
46%
北松戸
46%
高萩
46%
桶川
46%
深谷
46%
釜石
46%
舞浜
46%
蘇我
46%
八丁畷
45%
新八柱
45%
山手
45%
茅野
45%
福生
45%
松島
45%
小牛田
45%
北与野
45%
北柏
45%
天王台
45%
龍ケ崎市
45%
石岡
45%
籠原
45%
渋川
45%
足利
45%
会津若松
45%
上田
45%
飯山
45%
新木場
45%
稲城長沼
44%
西国立
44%
武蔵白石
44%
小川町
44%
小海
44%
南小谷
44%
浮間舟渡
44%
利府
44%
東海
44%
北本
44%
栃木
44%
あおば通
44%
南船橋
44%
扇町
43%
北茅ヶ崎
43%
来宮
43%
辰野
43%
東青梅
43%
寄居
43%
小諸
43%
雀宮
43%
西那須野
43%
南与野
43%
南柏
43%
北上尾
43%
上毛高原
43%
伊勢崎
43%
新津
43%
只見
43%
新小岩
43%
小岩
43%
成田空港
43%
安善
42%
市川大野
42%
中山
42%
本郷台
42%
猿橋
42%
白馬
42%
水沢
42%
北戸田
42%
原ノ町
42%
宮原
42%
行田
42%
久慈
42%
大湊
42%
男鹿
42%
佐倉
42%
鹿島田
41%
稲田堤
41%
北小金
41%
小机
41%
衣笠
41%
藤野
41%
北八王子
41%
信濃大町
41%
東鷲宮
41%
野木
41%
塩釜
41%
41%
双葉
41%
鹿島
41%
相馬
41%
北鴻巣
41%
高崎問屋町
41%
長野原草津口
41%
弘前
41%
馬喰町
41%
津田沼
41%
銚子
41%
海浜幕張
41%
矢向
40%
西府
40%
大口
40%
淵野辺
40%
田浦
40%
四方津
40%
みどり湖
40%
昭島
40%
河辺
40%
矢板
40%
荒川沖
40%
常陸太田
40%
西大宮
40%
桐生
40%
雫石
40%
角館
40%
新発田
40%
酒田
40%
上越妙高
40%
新日本橋
40%
幕張
40%
両国
40%
葛西臨海公園
40%
木更津
40%
宿河原
39%
小田栄
39%
浅野
39%
十日市場
39%
相原
39%
富士見
39%
箱根ヶ崎
39%
須賀川
39%
安積永盛
39%
二本松
39%
偕楽園
39%
浪江
39%
日進
39%
新町
39%
土合
39%
大前
39%
女川
39%
さくらんぼ東根
39%
安中榛名
39%
八丁堀
39%
新浦安
39%
羽沢横浜国大
38%
谷保
38%
川崎新町
38%
片倉
38%
東逗子
38%
秋川
38%
東飯能
38%
間々田
38%
岡本
38%
南仙台
38%
藤代
38%
佐野
38%
北仙台
38%
松島海岸
38%
横手
38%
大館
38%
千葉みなと
38%
安房鴨川
38%
館山
38%
久留里
38%
東金
38%
昭和
37%
古淵
37%
羽村
37%
軍畑
37%
野辺山
37%
石橋
37%
常陸多賀
37%
勿来
37%
常陸大宮
37%
沼田
37%
下館
37%
今市
37%
喜多方
37%
天童
37%
横川
37%
亀戸
37%
越中島
37%
南多摩
36%
鶴見小野
36%
鴨居
36%
成瀬
36%
御嶽
36%
越生
36%
南松本
36%
姨捨
36%
北松本
36%
長町
36%
岩切
36%
平泉
36%
新利府
36%
赤塚
36%
大甕
36%
湯本
36%
富岡
36%
宮古
36%
能代
36%
直江津
36%
幕張本郷
36%
稲毛
36%
西千葉
36%
成東
36%
市川塩浜
36%
君津
36%
中野島
35%
南橋本
35%
網代
35%
群馬藤岡
35%
大津港
35%
指扇
35%
越後川口
35%
あしかがフラワーパーク
35%
左沢
35%
村上
35%
弥彦
35%
東船橋
35%
潮見
35%
鹿島神宮
35%
向河原
34%
宇佐美
34%
伊達
34%
吹上
34%
岡部
34%
神保原
34%
六日町
34%
小出
34%
鹿沼
34%
かみのやま温泉
34%
北山形
34%
鶴岡
34%
本八幡
34%
浅草橋
34%
大網
34%
久地
33%
矢部
33%
笹子
33%
甲斐大和
33%
中神
33%
東秋留
33%
蒲須坂
33%
本宮
33%
南福島
33%
西川越
33%
結城
33%
愛子
33%
赤湯
33%
安中
33%
柏崎
33%
33%
平井
33%
二俣新町
33%
本千葉
33%
茂原
33%
矢野口
32%
矢川
32%
弁天橋
32%
香川
32%
社家
32%
梁川
32%
白丸
32%
東福生
32%
氏家
32%
神立
32%
亘理
32%
常陸大子
32%
南古谷
32%
野辺地
32%
東能代
32%
五所川原
32%
新習志野
32%
幕張豊砂
32%
上総一ノ宮
32%
勝浦
32%
Jヴィレッジ
32%
上溝
31%
鳥沢
31%
東中神
31%
矢吹
31%
上菅谷
31%
湯檜曽
31%
中之条
31%
笠間
31%
多賀城
31%
大石田
31%
三条
31%
四街道
31%
検見川浜
31%
稲毛海岸
31%
平間
30%
津田山
30%
原当麻
30%
東山梨
30%
武蔵引田
30%
小宮
30%
金子
30%
児玉
30%
大河原
30%
太子堂
30%
東仙台
30%
花巻空港
30%
羽鳥
30%
大野
30%
越後中里
30%
万座・鹿沢口
30%
蟹田
30%
東三条
30%
下総中山
30%
下溝
29%
伊豆多賀
29%
酒折
29%
信濃境
29%
すずらんの里
29%
毛呂
29%
北藤岡
29%
桑折
29%
高城町
29%
岩間
29%
内原
29%
十王
29%
広野
29%
夜ノ森
29%
井野
29%
土樽
29%
遠野
29%
坂町
29%
三厩
29%
新検見川
29%
東千葉
29%
酒々井
29%
佐原
29%
空港第2ビル
29%
春日居町
28%
鳩ノ巣
28%
武蔵増戸
28%
藤田
28%
槻木
28%
国府多賀城
28%
佐和
28%
磯原
28%
下菅谷
28%
羽前千歳
28%
ほっとゆだ
28%
高畠
28%
十日町
28%
五井
28%
相武台下
27%
初狩
27%
日向和田
27%
野崎
27%
黒田原
27%
高浜
27%
新地
27%
武蔵高萩
27%
群馬総社
27%
大和
27%
宮城野原
27%
本八戸
27%
27%
猪苗代
27%
村山
27%
湯沢
27%
香取
27%
上総亀山
27%
倉見
26%
長坂
26%
小作
26%
清里
26%
聖高原
26%
穂高
26%
高久
26%
豊原
26%
鏡石
26%
松川
26%
東福島
26%
植田
26%
宮内
26%
磐梯熱海
26%
26%
都賀
26%
大原
26%
塩崎
25%
日野春
25%
青柳
25%
牛浜
25%
熊川
25%
竹沢
25%
明科
25%
片岡
25%
白坂
25%
紫波中央
25%
中菅谷
25%
的場
25%
後閑
25%
岩原スキー場前
25%
小千谷
25%
面白山高原
25%
山寺
25%
陸前原ノ町
25%
東塩釜
25%
鹿角花輪
25%
小野新町
25%
余目
25%
羽後本荘
25%
吉田
25%
25%
門沢橋
24%
新府
24%
泉崎
24%
館腰
24%
矢幅
24%
草野
24%
思川
24%
小田林
24%
作並
24%
本塩釜
24%
前谷地
24%
好摩
24%
陸奥横浜
24%
八郎潟
24%
石川
24%
八街
24%
松岸
24%
袖ケ浦
24%
入谷
23%
小野
23%
川井
23%
古里
23%
五百川
23%
東白石
23%
陸前山王
23%
内郷
23%
山下
23%
大沢
23%
大平下
23%
東結城
23%
三春
23%
会津坂下
23%
川中島
23%
物井
23%
誉田
23%
東我孫子
23%
鹿島サッカースタジアム
23%
宮山
22%
宮ノ平
22%
二俣尾
22%
平田
22%
杉田
22%
安達
22%
金谷川
22%
越河
22%
石越
22%
金ヶ崎
22%
小木津
22%
四ツ倉
22%
笠幡
22%
石打
22%
上越国際スキー場前
22%
富田
22%
前橋大島
22%
稲田
22%
下北
22%
五泉
22%
西若松
22%
蔵王
22%
追分
22%
寒河江
22%
深浦
22%
鳴子温泉
22%
北高崎
22%
豊野
22%
八日市場
22%
姉ケ崎
22%
番田
21%
穴山
21%
石神前
21%
沢井
21%
中込
21%
貝田
21%
船岡
21%
鹿島台
21%
仙北町
21%
東照宮
21%
榴ヶ岡
21%
野蒜
21%
柳津
21%
東根
21%
鷹ノ巣
21%
鰺ケ沢
21%
豊栄
21%
潮来
21%
丹荘
20%
広丘
20%
村井
20%
田沢
20%
豊科
20%
日和田
20%
岩手飯岡
20%
南中郷
20%
久ノ浜
20%
坂元
20%
浜吉田
20%
岩舟
20%
岩宿
20%
国定
20%
駒形
20%
鶴田
20%
下野大沢
20%
20%
十和田南
20%
庭坂
20%
大鰐温泉
20%
川部
20%
津軽二股
20%
仁賀保
20%
東新潟
20%
白山
20%
土気
20%
新茂原
20%
上総湊
20%
木下
20%
明覚
19%
甲斐小泉
19%
甲斐大泉
19%
北白川
19%
愛宕
19%
松山町
19%
新田
19%
有壁
19%
日詰
19%
小高
19%
逢隈
19%
上牧
19%
岩瀬
19%
文挟
19%
北山
19%
苦竹
19%
会津川口
19%
鼠ヶ関
19%
北浦
19%
犀潟
19%
見附
19%
戸狩野沢温泉
19%
御宿
19%
行川アイランド
19%
千倉
19%
下総松崎
19%
松久
18%
乙女
18%
久田野
18%
前沢
18%
竜田
18%
桃内
18%
磐城太田
18%
日立木
18%
磐城棚倉
18%
磐城石川
18%
八木原
18%
塩沢
18%
羽黒
18%
国見
18%
西塩釜
18%
矢本
18%
石巻あゆみ野
18%
小岩井
18%
上米内
18%
土崎
18%
今泉
18%
遊佐
18%
松井田
18%
南酒々井
18%
鎌取
18%
浜野
18%
用土
17%
信濃川上
17%
稲荷山
17%
品井沼
17%
花泉
17%
村崎野
17%
末続
17%
木戸
17%
常陸青柳
17%
17%
越後堀之内
17%
小俣
17%
川島
17%
東北福祉大前
17%
小鶴新田
17%
七日町
17%
院内
17%
津軽新城
17%
あつみ温泉
17%
象潟
17%
今井
17%
安茂里
17%
柿崎
17%
亀田
17%
越後石山
17%
横芝
17%
巌根
17%
浜金谷
17%
安食
17%
折原
16%
東小諸
16%
瀬峰
16%
陸中折居
16%
袋田
16%
磐城塙
16%
川原湯温泉
16%
山前
16%
宍戸
16%
赤渕
16%
船引
16%
郡山富田
16%
磐梯町
16%
大白川
16%
板谷
16%
茂吉記念館前
16%
碇ケ関
16%
浪岡
16%
ウェスパ椿山
16%
蓬田
16%
中小国
16%
加茂
16%
刈羽
16%
新潟大学前
16%
日向
16%
安房小湊
16%
八幡宿
16%
小林
16%
求名
16%
川岸
15%
信濃川島
15%
冠着
15%
田尻
15%
油島
15%
山ノ目
15%
石鳥谷
15%
駒ヶ嶺
15%
瓜連
15%
河合
15%
敷島
15%
五日町
15%
八色
15%
新治
15%
陸前落合
15%
区界
15%
八幡平
15%
水原
15%
中条
15%
出雲崎
15%
長浦
15%
湖北
15%
福俵
15%
北中込
14%
岩村田
14%
美里
14%
北大町
14%
梅ヶ沢
14%
矢祭山
14%
岩本
14%
群馬原町
14%
玉戸
14%
下野花岡
14%
奥新川
14%
中野栄
14%
陸前小野
14%
陸前赤井
14%
陸前山下
14%
涌谷
14%
上盛岡
14%
茂市
14%
東大館
14%
階上
14%
猪苗代湖畔
14%
野沢
14%
和田
14%
四ツ小屋
14%
泉外旭川
14%
井川さくら
14%
小国
14%
西新発田
14%
群馬八幡
14%
磯部
14%
14%
内野
14%
松尾
14%
上総興津
14%
下総神崎
14%
新木
14%
十二橋
14%
西条
13%
坂北
13%
有明
13%
南大町
13%
津久田
13%
小野上温泉
13%
福原
13%
陸前高砂
13%
陸前浜田
13%
東矢本
13%
北大曲
13%
小川郷
13%
江田
13%
菅谷
13%
喜久田
13%
会津柳津
13%
油川
13%
今別
13%
中浦
13%
新屋
13%
西松井田
13%
北長岡
13%
13%
飯岡
13%
東浪見
13%
青堀
13%
千歳
13%
佐久海ノ口
12%
信濃松川
12%
清水原
12%
常陸津田
12%
常陸鴻巣
12%
西金
12%
北堀之内
12%
祖母島
12%
小野上
12%
下馬
12%
陸前大塚
12%
東名
12%
蛇田
12%
ゆだ錦秋湖
12%
川内
12%
大更
12%
荒屋新町
12%
北野辺地
12%
赤井
12%
夏井
12%
舞木
12%
津川
12%
笹木野
12%
真室川
12%
羽後境
12%
森岳
12%
二ツ井
12%
撫牛子
12%
天王
12%
最上
12%
黒井
12%
来迎寺
12%
森宮野原
12%
津南
12%
永田
12%
安房天津
12%
佐貫町
12%
梓橋
11%
一日市場
11%
六原
11%
古館
11%
後台
11%
磐城浅川
11%
群馬大津
11%
大金
11%
楯山
11%
福田町
11%
陸前富山
11%
浦宿
11%
陸前豊里
11%
千厩
11%
陸中大橋
11%
前潟
11%
羽後四ツ屋
11%
山都
11%
東新津
11%
置賜
11%
天童南
11%
及位
11%
向能代
11%
木造
11%
府屋
11%
青海川
11%
鯨波
11%
古津
11%
さつき野
11%
寺泊
11%
越後曽根
11%
榎戸
11%
本納
11%
八積
11%
長者町
11%
大貫
11%
保田
11%
富浦
11%
那古船形
11%
和田浦
11%
布佐
11%
佐久広瀬
10%
龍岡城
10%
島内
10%
安曇追分
10%
海ノ口
10%
信濃森上
10%
磐城石井
10%
越後滝谷
10%
金島
10%
仁井田
10%
小塙
10%
渡波
10%
猊鼻渓
10%
神代
10%
羽後長野
10%
中山宿
10%
翁島
10%
北五泉
10%
会津本郷
10%
関根
10%
横堀
10%
十文字
10%
後三年
10%
神宮寺
10%
板柳
10%
藤崎
10%
大平
10%
北余目
10%
土底浜
10%
田上
10%
矢代田
10%
分水
10%
青山
10%
北三条
10%
猿田
10%
浪花
10%
九重
10%
南三原
10%
滑河
10%
水郷
10%
祇園
10%
横田
10%
松原湖
9%
臼田
9%
島高松
9%
安曇沓掛
9%
信濃木崎
9%
簗場
9%
神城
9%
白馬大池
9%
山方宿
9%
下小川
9%
上小川
9%
下野宮
9%
葛岡
9%
陸前白沢
9%
高瀬
9%
手樽
9%
上涌谷
9%
のの岳
9%
江釣子
9%
春木場
9%
鑓見内
9%
陸中川井
9%
松尾八幡平
9%
安比高原
9%
磐城常葉
9%
要田
9%
安子ヶ島
9%
馬下
9%
会津高田
9%
魚沼田中
9%
中川
9%
舟形
9%
津軽湯の沢
9%
大釈迦
9%
南米沢
9%
羽前椿
9%
北能代
9%
十二湖
9%
千畳敷
9%
陸奥鶴田
9%
京ヶ瀬
9%
東酒田
9%
吹浦
9%
女鹿
9%
金浦
9%
岩城みなと
9%
桂根
9%
羽後牛島
9%
大形
9%
新崎
9%
佐々木
9%
西古川
9%
鳴子御殿湯
9%
南新庄
9%
上下浜
9%
東柏崎
9%
内野西が丘
9%
関屋
9%
上所
9%
西燕
9%
飯倉
9%
太東
9%
三門
9%
安房勝山
9%
岩井
9%
太海
9%
久住
9%
小見川
9%
下総橘
9%
馬来田
9%
平山
9%
海瀬
8%
南豊科
8%
柏矢町
8%
千国
8%
玉川村
8%
南石井
8%
川辺沖
8%
泉郷
8%
川東
8%
額田
8%
鹿妻
8%
陸前稲井
8%
万石浦
8%
陸中門崎
8%
和賀仙人
8%
ゆだ高原
8%
相野々
8%
似内
8%
大釜
8%
生田
8%
東大更
8%
長苗代
8%
種差海岸
8%
種市
8%
上戸
8%
関都
8%
川桁
8%
広田
8%
塩川
8%
三川
8%
新鶴
8%
会津宮下
8%
越後広瀬
8%
神町
8%
北大石田
8%
大張野
8%
上飯島
8%
羽後飯塚
8%
西米沢
8%
羽前山辺
8%
羽前長崎
8%
八森
8%
あきた白神
8%
後潟
8%
月岡
8%
岩船町
8%
西目
8%
岩出山
8%
越後岩塚
8%
帯織
8%
羽生田
8%
荻川
8%
北飯山
8%
北吉田
8%
干潟
8%
倉橋
8%
竹岡
8%
江見
8%
大戸
8%
延方
8%
東横田
8%
八千穂
7%
羽黒下
7%
三岡
7%
北細野
7%
信濃常盤
7%
稲尾
7%
南神城
7%
飯森
7%
野上原
7%
中舟生
7%
東館
7%
近津
7%
中豊
7%
磐城守山
7%
南酒出
7%
谷河原
7%
羽根尾
7%
袋倉
7%
鴻野山
7%
熊ヶ根
7%
曽波神
7%
沢田
7%
藤根
7%
立川目
7%
横川目
7%
宮守
7%
岩手二日町
7%
上有住
7%
刺巻
7%
鶯野
7%
松草
7%
花原市
7%
湯瀬温泉
7%
小中野
7%
白銀
7%
玉川
7%
陸中八木
7%
陸中夏井
7%
川前
7%
神俣
7%
大越
7%
堂島
7%
笈川
7%
会津豊川
7%
猿和田
7%
会津坂本
7%
会津桧原
7%
早戸
7%
会津中川
7%
本名
7%
会津越川
7%
会津横田
7%
会津大塩
7%
会津蒲生
7%
入広瀬
7%
越後須原
7%
羽前中山
7%
泉田
7%
刈和野
7%
峰吉川
7%
鹿渡
7%
早口
7%
陣場
7%
鶴ケ坂
7%
羽前小松
7%
羽前金沢
7%
南寒河江
7%
西寒河江
7%
津軽宮田
7%
左堰
7%
津軽浜名
7%
桑川
7%
越後寒川
7%
羽前水沢
7%
羽前大山
7%
本楯
7%
南鳥海
7%
折渡
7%
羽後亀田
7%
早通
7%
東大崎
7%
西大崎
7%
羽前前波
7%
古口
7%
潟町
7%
米山
7%
茨目
7%
安田
7%
前川
7%
押切
7%
東光寺
7%
保内
7%
南吉田
7%
小針
7%
矢作
7%
鵜原
7%
笹川
7%
下総豊里
7%
椎柴
7%
上総清川
7%
小櫃
7%
上総松丘
7%
海尻
6%
馬流
6%
細野
6%
里白石
6%
野木沢
6%
小塩江
6%
谷田川
6%
郷原
6%
佳景山
6%
鹿又
6%
和渕
6%
御岳堂
6%
陸中松川
6%
摺沢
6%
小佐野
6%
山岸
6%
北森
6%
兄畑
6%
陸奥湊
6%
赤川
6%
姥堂
6%
荻野
6%
東下条
6%
咲花
6%
塔寺
6%
会津西方
6%
会津水沼
6%
藪神
6%
漆山
6%
乱川
6%
芦沢
6%
大滝
6%
三関
6%
上湯沢
6%
下湯沢
6%
醍醐
6%
飯詰
6%
北金岡
6%
白沢
6%
北常盤
6%
越後金丸
6%
越後下関
6%
二田
6%
艫作
6%
陸奥森田
6%
林崎
6%
瀬辺地
6%
加治
6%
平木田
6%
間島
6%
勝木
6%
五十川
6%
三瀬
6%
砂越
6%
羽後岩谷
6%
黒山
6%
陸前谷地
6%
中山平温泉
6%
越後広田
6%
信濃浅野
6%
越後鹿渡
6%
下条
6%
西山
6%
礼拝
6%
岩室
6%
越後赤塚
6%
寺尾
6%
東清川
6%
高岩
5%
青沼
5%
太田部
5%
滑津
5%
中佐都
5%
中萱
5%
市城
5%
矢倉
5%
岩島
5%
折壁
5%
新月
5%
柳原
5%
黒沢
5%
小山田
5%
土沢
5%
松倉
5%
腹帯
5%
蟇目
5%
千徳
5%
小屋の畑
5%
田山
5%
陸中大里
5%
柴平
5%
沢尻
5%
十二所
5%
大滝温泉
5%
扇田
5%
大蛇
5%
角の浜
5%
宿戸
5%
陸中中野
5%
侍浜
5%
有戸
5%
吹越
5%
近川
5%
東長原
5%
尾登
5%
徳沢
5%
豊実
5%
日出谷
5%
鹿瀬
5%
五十島
5%
新関
5%
若宮
5%
会津塩沢
5%
上条
5%
高擶
5%
羽前豊里
5%
鯉川
5%
前山
5%
糠沢
5%
下川沿
5%
長峰
5%
伊佐領
5%
羽前松岡
5%
越後大島
5%
岩館
5%
白神岳登山口
5%
広戸
5%
大川平
5%
神山
5%
金塚
5%
平林
5%
越後早川
5%
今川
5%
藤島
5%
小砂川
5%
清川
5%
南野
5%
笠島
5%
北条
5%
長鳥
5%
信濃白鳥
5%
越後田中
5%
越後田沢
5%
越後水沢
5%
西中通
5%
荒浜
5%
小木ノ城
5%
粟生津
5%
俵田
5%
真滝
4%
岩ノ下
4%
柴宿
4%
小梨
4%
矢越
4%
小松川
4%
晴山
4%
岩根橋
4%
柏木平
4%
荒谷前
4%
綾織
4%
青笹
4%
岩手上郷
4%
平倉
4%
箱石
4%
平館
4%
赤坂田
4%
横間
4%
末広
4%
土深井
4%
陸奥白浜
4%
大久喜
4%
平内
4%
有家
4%
金谷沢
4%
上野尻
4%
郷戸
4%
滝谷
4%
南出羽
4%
袖崎
4%
釜淵
4%
柳田
4%
鶴形
4%
富根
4%
犬川
4%
羽前沼沢
4%
越後片貝
4%
東金井
4%
羽前高松
4%
柴橋
4%
上二田
4%
船越
4%
脇本
4%
東八森
4%
大間越
4%
驫木
4%
風合瀬
4%
大戸瀬
4%
北金ケ沢
4%
陸奥赤石
4%
中田
4%
鶴泊
4%
奥内
4%
中沢
4%
郷沢
4%
小岩川
4%
小波渡
4%
西袋
4%
上浜
4%
道川
4%
下浜
4%
有備館
4%
堺田
4%
赤倉温泉
4%
瀬見温泉
4%
東長沢
4%
長沢
4%
升形
4%
高屋
4%
狩川
4%
塚山
4%
立ヶ花
4%
上今井
4%
替佐
4%
信濃平
4%
上境
4%
上桑名川
4%
桑名川
4%
横倉
4%
足滝
4%
土市
4%
魚沼中条
4%
越後岩沢
4%
内ヶ巻
4%
石地
4%
妙法寺
4%
小島谷
4%
下郡
4%
岩沢
3%
鱒沢
3%
足ヶ瀬
3%
洞泉
3%
金浜
3%
有畑
3%
成島
3%
中郡
3%
手ノ子
3%
出戸浜
3%
鳥形
3%
沢目
3%
陸奥岩崎
3%
陸奥沢辺
3%
追良瀬
3%
鳴沢
3%
越水
3%
塚目
3%
上野目
3%
池月
3%
川渡温泉
3%
大堀
3%
鵜杉
3%
平滝
3%
桐原
3%
萩生
2%
羽立
2%
松神
2%
横磯
2%
陸奥柳田
2%
立小路
2%
津谷
2%
西大滝
2%
滝ノ間
1%
No matching quizzes found
Score Distribution
Percent of People with Each Score
Percentile by Number Answered
Your Score History
You have not taken this quiz since the last reset